Top 50 Countries with the Strongest Millitary in Order - Statistics

General Stats
  • This quiz has been taken 245 times
  • The average score is 20 of 50
Answer Stats
Rank Power Index Starts With Answer % Correct
2 0.0702 R Russia
99%
1 0.0699 U United States
99%
3 0.0706 C China
98%
4 0.1023 I India
95%
6 0.1443 U United Kingdom
85%
7 0.1601 J Japan
82%
5 0.1416 S South Korea
78%
11 0.1878 F France
70%
9 0.1711 P Pakistan
69%
8 0.1697 T Turkey
69%
10 0.1863 I Italy
59%
12 0.1944 B Brazil
58%
19 0.2847 G Germany
54%
16 0.2515 A Australia
51%
14 0.2269 I Iran
51%
13 0.2251 I Indonesia
50%
15 0.2283 E Egypt
46%
17 0.2596 I Israel
43%
20 0.2882 S Spain
43%
18 0.2598 U Ukraine
43%
21 0.2917 P Poland
42%
22 0.3158 V Vietnam
41%
27 0.3813 C Canada
33%
25 0.3389 T Thailand
30%
50 0.7967 F Finland
29%
23 0.3235 S Saudi Arabia
26%
28 0.3823 A Argentina
25%
48 0.7743 D Denmark
25%
36 0.5313 N North Korea
25%
31 0.4274 M Mexico
24%
26 0.3589 A Algeria
22%
29 0.4009 S Sweden
22%
24 0.3302 T Taiwan
21%
32 0.4349 G Greece
19%
40 0.5644 N Netherlands
19%
47 0.7712 R Romania
19%
39 0.5619 N Nigeria
18%
41 0.5664 N Norway
18%
37 0.5419 B Bangladesh
17%
49 0.7938 E Ethiopia
17%
34 0.4691 P Philippines
17%
45 0.7441 I Iraq
16%
33 0.4632 S South Africa
15%
42 0.5992 M Malaysia
14%
35 0.5251 M Myanmar
14%
38 0.5609 P Portugal
14%
30 0.4087 S Singapore
13%
43 0.6097 S Switzerland
13%
46 0.7706 C Czech Republic
12%
44 0.7347 C Colombia
11%
No matching quizzes found
Score Distribution
Percent of People with Each Score
Percentile by Number Answered
Your Score History
You have not taken this quiz